| 000 | 00516nam a22002057a 4500 | ||
|---|---|---|---|
| 003 | OSt | ||
| 005 | 20220107122759.0 | ||
| 008 | 150427b xxu||||| |||| 00| 0 eng d | ||
| 020 | _a9788130917689 | ||
| 040 | _cIIITMK | ||
| 082 | _a001.42 RIL/R | ||
| 100 |
_aRiley, Pippa _96759 |
||
| 245 | _aResearch Project | ||
| 250 | _aViva Student Edition | ||
| 260 |
_aNew Delhi _bViva Books _c2011 |
||
| 300 | _aviii, 291p. | ||
| 650 |
_aRESEARCH PROJECT _96760 |
||
| 650 |
_aRESEARCH METHODOLOGY _96761 |
||
| 942 |
_2ddc _cBK |
||
| 999 |
_c4680 _d4680 |
||